000 00351nam a2200133Ia 4500
005 20260328101521.0
008 260328s9999||||xx |||||||||||||| ||und||
100 _aSolanas Donoso, Jesús
245 0 _aDiseño, Arte y función /
_cJesús Solanas Donoso
260 _bSalvat
300 _a64 p.
650 _aDISEÑO INDUSTRIAL - ELEMENTOS
942 _cBK
999 _c9601
_d9601